Les demi-finales de l'Euro (Foot) depuis 1960 - Statistiques

Statistiques générales
  • Ce quiz a été pris 282 fois
  • Le résultat moyen est 18 sur 20
Statistiques - réponses
Réponse % Correct
France
100%
Italie
100%
Angleterre
99%
Espagne
99%
Portugal
99%
Allemagne
98%
RFA
98%
Danemark
94%
Grèce
93%
Pays-Bas
92%
Belgique
91%
Suède
90%
Russie
83%
Yougoslavie
83%
Pays de Galles
81%
URSS
81%
Turquie
80%
Tchécoslovaquie
78%
Hongrie
77%
République Tchèque
75%
Aucun quiz correspondant
Distribution des résultats
% des personnes avec chaque résultat
Percentile par nombre de réponses
Votre historique - résultats
Vous n’avez pas pris ce quiz